[Event "Calvia op"]
[Site "Calvia"]
[Date "2006.10.13"]
[Round "3.17"]
[White "Fischer, Marcel"]
[Black "Luijpen, Michiel"]
[Result "0-1"]
[WhiteElo "2004"]
[BlackElo "2126"]
[PlyCount "58"]
[EventDate "2006.10.11"]
[EventType "swiss"]
[EventRounds "9"]
[EventCountry "ESP"]
[SourceTitle "EXT 2007"]
[Source "ChessBase"]
[SourceDate "2006.11.23"]
[SourceVersion "1"]
[SourceVersionDate "2006.11.23"]
[SourceQuality "1"]

1. e4 c5 2. c3 Nf6 3. e5 Nd5 4. d4 cxd4 5. Nf3 Nc6 6. Bc4 Nb6 7. Bb3 d5 8. exd6 Qxd6 9. 0-0 Be6 10. Bxe6 Qxe6 11. Nxd4 Nxd4 12. Qxd4 Rd8 13. Qh4 g6 14. Bd2 Qc4 15. Qg3 Bg7 16. Re1 e6 17. Bg5 f6 18. Na3 Qc6 19. Qh3 e5 20. Bh6 0-0 21. Nc2 Nd5 22. Bxg7 Nf4 23. Qg4 Kxg7 24. Nb4 Qb6 25. g3 Rd2 26. Re3 h5 27. Qf3 Nh3+ 28. Kh1 Nxf2+ 29. Kg2 e4 0-1